Chief Weapons of the Spanish Inquisition - Statistics

General Stats
  • This quiz has been taken 8 times
  • The average score is 2 of 5
Answer Stats
Amongst our weaponry are such diverse elements as... % Correct
Surprise
100%
Fear
60%
Nice red uniforms
20%
An almost fanatival devotion to the Pope
0%
Ruthless efficiency
0%
No matching quizzes found
Score Distribution
Percent of People with Each Score
Percentile by Number Answered
Your Score History
You have not taken this quiz